000 01012cam a22003137a 4500
003 CHAP
005 20220817041741.0
008 971013s1965 r 00010 d
010 _a23313
011 _a24285
035 _a28384
040 _cCHAP
090 _aFolleto 4330
110 _aComisión del Río Balsas. México
_925705
245 1 3 _aLa Villita, las Truchas industrialización de la costa del Pacífico
260 _aMelchor Ocampo del Balsas, Mich. :
_b(s.e.),
_c1965
300 _a47 p.
_b: ilus. ; mapas
590 _aBATCH-UPD
_b10
_c20130110
_lUCH01
_h2230
590 _aBATCH-UPD
_b10
_c20130410
_lUCH01
_h1526
590 _aBATCH-UPD
_b10
_c20130914
_lUCH01
_h1030
590 _aCONVERSION
_b10
_c20130109
_lUCH01
_h1314
650 1 4 _aComunicaciones
_xMichoacán.
_926161
650 1 4 _aHierro
_xIndustria.
_955298
650 1 4 _aPresa la Villita, Mich.
650 1 4 _aPresas
_xMichoacán.
_991492
901 _aBK
942 _cFOLL
949 _aFolleto 4330
_bBC
_cFOLL
_d-65502
_eTS1
_i28384
_mD
_si
999 _c23313
_d23313